Pass the PSA (Record no. 32308)

MARC details
000 -LEADER
fixed length control field 00821nam a2200181 a 4500
008 - FIXED-LENGTH DATA ELEMENTS--GENERAL INFORMATION
fixed length control field 151104s2014 ||||||||||||||||| || u
020 ## - INTERNATIONAL STANDARD BOOK NUMBER
International Standard Book Number 9780702055188
050 ## - LIBRARY OF CONGRESS CALL NUMBER
Classification number RM 301.13 Pas
100 ## - MAIN ENTRY--PERSONAL NAME
Personal name Brown, William
245 10 - TITLE STATEMENT
Title Pass the PSA
Statement of responsibility, etc. By William Brown, Kevin Loudon, James Fisher [and] Laura Marshland
260 ## - PUBLICATION, DISTRIBUTION, ETC.
Place of publication, distribution, etc. Edinburgh
Name of publisher, distributor, etc. Church Livingstone-Elsevier
Date of publication, distribution, etc. 2014
300 ## - PHYSICAL DESCRIPTION
Extent xii, 297p.: ill.
350 ## -
-- 51.95
650 ## - SUBJECT ADDED ENTRY--TOPICAL TERM
Topical term or geographic name entry element DRUG THERAPY -- METHODS -- EXAMINATION QUESTIONS
650 ## - SUBJECT ADDED ENTRY--TOPICAL TERM
Topical term or geographic name entry element PHARMACEUTICAL PREPARATIONS -- ADMINISTRATION & DOSAGE --OUTLINES
650 ## - SUBJECT ADDED ENTRY--TOPICAL TERM
Topical term or geographic name entry element DRUGS -- PRESCRIBING --EXAMINATIONS,QUESTIONS,ETC
995 ## -
-- MICHAEL CHILUFYA SATA OPEN ACCESS
-- 903301
-- CBU-SCHOOL OF MEDICINE LIBRARY (Ndola)
-- 51.95
-- RM 301.13 Pas
-- 1
-- AVAILABLE
-- Nov 30, 2015
-- 903301
-- Medical Library Open Access Collection
999 ## -
-- 32308
-- 32308
Holdings
Withdrawn status Lost status Source of classification or shelving scheme Damaged status Not for loan Permanent Location Current Location Shelving location Date acquired Total Checkouts Full call number Barcode Date last seen Price effective from Koha item type
          CBU-SCHOOL OF MEDICINE LIBRARY, NDOLA. CBU-SCHOOL OF MEDICINE LIBRARY, NDOLA.   11/30/2022   RM 301.13 Pas 903301 11/30/2022 11/30/2022 MONOGRAPH